000 00769nam a2200217Ia 4500
001 5232
003 GE_BSU
008 181216s||||||||xx |||||||||||||| ||und||
040 _cGE_BSU
080 _a511
100 _aАндронов, И.К.
245 _aАрифметика. Развитие понятия числа и действия над числами
245 _bПособие для фак-та начальной школы педагог. ин- тов и для пед училищ
260 _aМосква
260 _bУчпедгиз
260 _c1962
300 _a375 с.22 см.
653 _aАрифметика
653 _aРазвитие понятия числа и действия над числами
942 _cBK
999 _c38825
_d38825